[Event "Oberliga Nord N 2324"]
[Site "Germany"]
[Date "2024.02.25"]
[Round "6.5"]
[White "Michna, Christian"]
[Black "Behrhorst, Frank"]
[Result "1/2-1/2"]
[WhiteElo "2201"]
[BlackElo "2205"]
[PlyCount "53"]
[EventDate "2023.10.22"]
[EventType "team-tourn"]
[EventRounds "9"]
[EventCountry "GER"]
[SourceTitle "EXT 2025"]
[Source "ChessBase"]
[SourceDate "2024.10.14"]
[SourceVersion "1"]
[SourceVersionDate "2024.10.14"]
[SourceQuality "1"]
[WhiteTeam "Norderstedt"]
[BlackTeam "Johanneum Eppendorf"]
[WhiteTeamCountry "GER"]
[BlackTeamCountry "GER"]

1. d4 Nf6 2. Nc3 d5 3. Bf4 Bf5 4. f3 c5 5. e3 Nc6 6. g4 Bg6 7. h4 h6 8. Bd3 Bxd3 9. Qxd3 cxd4 10. exd4 e6 11. Nge2 Bd6 12. 0-0-0 Bxf4+ 13. Nxf4 Qd6 14. Qe3 0-0-0 15. Nd3 Nd7 16. Nb5 Qb8 17. Ne5 Ndxe5 18. dxe5 Qxe5 19. Nxa7+ Kd7 20. Qb6 Nxa7 21. Qxa7 Qc7 22. Qa4+ Qc6 23. Qf4 Ke7 24. Qb4+ Rd6 25. Rd3 Ra8 26. Rc3 Qb6 27. Qxb6 1/2-1/2

[Event "Oberliga Nord N 2324"]
[Site "Germany"]
[Date "2023.12.03"]
[Round "3.6"]
[White "Lampe, Joerg"]
[Black "Michna, Christian"]
[Result "0-1"]
[WhiteElo "2101"]
[BlackElo "2201"]
[PlyCount "48"]
[EventDate "2023.10.22"]
[EventType "team-tourn"]
[EventRounds "9"]
[EventCountry "GER"]
[SourceTitle "EXT 2025"]
[Source "ChessBase"]
[SourceDate "2024.10.14"]
[SourceVersion "1"]
[SourceVersionDate "2024.10.14"]
[SourceQuality "1"]
[WhiteTeam "Hamburg Koenigsspringer"]
[BlackTeam "Norderstedt"]
[WhiteTeamCountry "GER"]
[BlackTeamCountry "GER"]

1. e4 e6 2. d4 d5 3. Nd2 Nc6 4. Ngf3 Nf6 5. e5 Nd7 6. Nb3 a5 7. a4 Be7 8. Bb5 Na7 9. Bd3 b6 10. c3 c5 11. Be2 Nc6 12. Bf4 Ba6 13. 0-0 0-0 14. Bxa6 Rxa6 15. Qe2 Ra7 16. Nbd2 cxd4 17. Nxd4 Nxd4 18. cxd4 Rc7 19. Rac1 Qb8 20. Rxc7 Qxc7 21. Nb3 Rc8 22. Rc1 Qb7 23. Qb5 Rxc1+ 24. Nxc1 Nb8 0-1

[Event "Oberliga Nord N 1920"]
[Site "Germany"]
[Date "2019.10.20"]
[Round "2.5"]
[White "Woelk, Tom Frederic"]
[Black "Michna, Christian"]
[Result "1-0"]
[WhiteElo "2255"]
[BlackElo "2239"]
[PlyCount "85"]
[EventDate "2019.09.29"]
[EventType "team-tourn"]
[EventRounds "9"]
[EventCountry "GER"]
[SourceTitle "CBM 195 Extra"]
[Source "ChessBase"]
[SourceDate "2020.05.31"]
[SourceVersion "1"]
[SourceVersionDate "2020.05.31"]
[SourceQuality "1"]

1. d4 c5 2. d5 d6 3. c4 g6 4. Nc3 Bg7 5. e4 e6 6. f4 Ne7 7. Nf3 exd5 8. cxd5 0-0 9. Be2 Bg4 10. 0-0 Nd7 11. Be3 Rb8 12. Nd2 Bxe2 13. Qxe2 f5 14. Rad1 fxe4 15. Ndxe4 Nf5 16. Bf2 Re8 17. Qd3 Nf8 18. Ng5 b5 19. Nxb5 a6 20. Na7 Rxb2 21. g4 Nd4 22. Nc6 Qd7 23. h3 Ree2 24. Ne4 h5 25. Rde1 c4 26. Qg3 Rxe1 27. Rxe1 Ne2+ 28. Rxe2 Rxe2 29. Qf3 Rxa2 30. f5 hxg4 31. hxg4 gxf5 32. gxf5 c3 33. f6 c2 34. Ne7+ Qxe7 35. fxe7 c1Q+ 36. Kg2 Ra3 37. Qg4 Kf7 38. e8Q+ Kxe8 39. Qxg7 Nd7 40. Qg8+ Ke7 41. Bh4+ Nf6 42. Bxf6+ Kd7 43. Qd8# 1-0

[Event "GER CupT 1718 Round2 (2)"]
[Site "Weyhe Kirchweyhe"]
[Date "2018.03.03"]
[Round "1"]
[White "Michna, Christian"]
[Black "Jovanovic, Zoran"]
[Result "0-1"]
[WhiteElo "2246"]
[BlackElo "2535"]
[PlyCount "64"]
[EventDate "2018.03.03"]
[EventType "team-k.o."]
[EventRounds "2"]
[EventCountry "GER"]
[SourceTitle "CBM 183 Extra"]
[Source "ChessBase"]
[SourceDate "2018.04.19"]
[SourceVersion "1"]
[SourceVersionDate "2018.04.19"]
[SourceQuality "1"]
[WhiteTeam "Norderstedt"]
[BlackTeam "Kirchweyhe"]
[WhiteTeamCountry "GER"]
[BlackTeamCountry "GER"]

1. d4 d6 2. e4 Nf6 3. Nc3 e5 4. Nf3 Nbd7 5. Bc4 Be7 6. 0-0 0-0 7. Re1 c6 8. a4 exd4 9. Nxd4 Ne5 10. Bf1 Re8 11. b3 Bf8 12. Bb2 a5 13. h3 Qb6 14. Kh1 Bd7 15. g3 Rad8 16. Bg2 d5 17. exd5 Bb4 18. f4 Ng6 19. Qd3 Ne7 20. d6 Bxd6 21. Ne4 Nxe4 22. Qxe4 Bc5 23. Qd3 Bf5 24. Nxf5 Rxd3 25. cxd3 f6 26. Re2 Kf7 27. Rae1 Nxf5 28. Rxe8 Bb4 29. R1e6 Ne7 30. R8xe7+ Bxe7 31. Bd5 Kf8 32. Kg2 Qb4 0-1

[Event "Bundesliga 1718"]
[Site "Germany"]
[Date "2017.12.10"]
[Round "6.8"]
[White "Naumann, Alexander"]
[Black "Michna, Christian"]
[Result "1-0"]
[WhiteElo "2563"]
[BlackElo "2270"]
[PlyCount "85"]
[EventDate "2017.10.21"]
[EventType "team-tourn"]
[EventRounds "15"]
[EventCountry "GER"]
[SourceTitle "CBM 182"]
[Source "ChessBase"]
[SourceDate "2018.01.17"]
[SourceVersion "1"]
[SourceVersionDate "2018.01.17"]
[SourceQuality "1"]
[WhiteTeam "Solingen"]
[BlackTeam "Norderstedt"]
[WhiteTeamCountry "GER"]
[BlackTeamCountry "GER"]

1. e4 c5 2. Nf3 e6 3. d4 cxd4 4. Nxd4 Nf6 5. Nc3 Nc6 6. Ndb5 Bb4 7. a3 Bxc3+ 8. Nxc3 d5 9. exd5 exd5 10. Bd3 h6 11. 0-0 0-0 12. Bf4 d4 13. Nb5 Nd5 14. Bg3 Be6 15. Re1 Qd7 16. Nd6 Rad8 17. Qf3 Qe7 18. Nc4 Rfe8 19. Re2 Qd7 20. Rae1 Nde7 21. Nd6 Rf8 22. h3 Bd5 23. Qh5 f5 24. Bh4 Qxd6 25. Bxe7 Nxe7 26. Rxe7 Qc6 27. Bxf5 Qf6 28. Qg6 Qxg6 29. Bxg6 Rd6 30. Bd3 Rc8 31. Re8+ Rxe8 32. Rxe8+ Kf7 33. Re5 Kf6 34. Rf5+ Ke6 35. f4 Rb6 36. b3 Rc6 37. Re5+ Kd6 38. Re2 a5 39. a4 Kc5 40. Re7 Rf6 41. f5 Rf7 42. Re5 Kd6 43. Rxd5+ 1-0

[Event "BL2-Nord 1617"]
[Site "Germany"]
[Date "2017.05.07"]
[Round "9.7"]
[White "Buchal, Stephan"]
[Black "Michna, Christian"]
[Result "1/2-1/2"]
[WhiteElo "2302"]
[BlackElo "2264"]
[PlyCount "85"]
[EventDate "2016.10.16"]
[EventType "team-tourn"]
[EventRounds "9"]
[EventCountry "GER"]
[SourceTitle "EXT 2018"]
[Source "ChessBase"]
[SourceDate "2017.10.13"]
[SourceVersion "1"]
[SourceVersionDate "2017.10.13"]
[SourceQuality "1"]
[WhiteTeam "Werder Bremen II"]
[BlackTeam "Norderstedt"]
[WhiteTeamCountry "GER"]
[BlackTeamCountry "GER"]

1. c4 g6 2. g3 Bg7 3. Bg2 d6 4. Nc3 e5 5. e4 Nc6 6. Nge2 Nge7 7. d3 0-0 8. h4 Nd4 9. Nxd4 exd4 10. Ne2 c6 11. h5 d5 12. hxg6 hxg6 13. Bh6 Bxh6 14. Rxh6 dxc4 15. dxc4 Qa5+ 16. Qd2 Qxd2+ 17. Kxd2 Bg4 18. Nxd4 Rad8 19. Ke3 Bh5 20. Rh1 Kg7 21. R6xh5 gxh5 22. Rxh5 Rh8 23. Rg5+ Kf8 24. Ra5 Rh2 25. Bf3 a6 26. b4 Nc8 27. Nb3 Nd6 28. Nd2 f6 29. Ra3 Nf7 30. Be2 Ne5 31. Rc3 Rh1 32. f4 Ng6 33. Nf3 Rb1 34. Nd4 Ke7 35. a3 a5 36. bxa5 Ra8 37. Bh5 Nf8 38. Rd3 Nd7 39. Nf5+ Kd8 40. Ng7 Ke7 41. Nf5+ Kd8 42. Ng7 Ke7 43. Nf5+ 1/2-1/2

[Event "Bundesliga 1516"]
[Site "Germany"]
[Date "2016.04.10"]
[Round "13.2"]
[White "Walter, Stefan1"]
[Black "Michna, Christian"]
[Result "1-0"]
[WhiteElo "2402"]
[BlackElo "2272"]
[PlyCount "95"]
[EventDate "2015.09.18"]
[EventType "team-tourn"]
[EventRounds "15"]
[EventCountry "GER"]
[SourceTitle "CBM 172"]
[Source "ChessBase"]
[SourceDate "2016.05.12"]
[SourceVersion "1"]
[SourceVersionDate "2016.05.12"]
[SourceQuality "1"]
[WhiteTeam "Griesheim"]
[BlackTeam "Norderstedt"]
[WhiteTeamCountry "GER"]
[BlackTeamCountry "GER"]

1. d4 Nf6 2. c4 g6 3. Nc3 Bg7 4. e4 d6 5. f3 0-0 6. Be3 a6 7. Qd2 Nbd7 8. Nge2 c6 9. a4 a5 10. Rd1 Qc7 11. g3 e5 12. Bg2 exd4 13. Nxd4 Nc5 14. 0-0 Rd8 15. Rfe1 b6 16. Bh6 Bh8 17. Nxc6 Qxc6 18. e5 Nb3 19. Qf2 Bb7 20. exf6 Qxc4 21. Qxb6 Qc5+ 22. Be3 Qxb6 23. Bxb6 Rdc8 24. Rxd6 Rc6 25. Red1 Bxf6 26. f4 Rxd6 27. Rxd6 Bxg2 28. Rxf6 Bb7 29. Rd6 Re8 30. Kf2 h5 31. Rd7 Bc6 32. Rd6 Bb7 33. Be3 Na1 34. Rd7 Bh1 35. Rd1 Nc2 36. Bb6 Bc6 37. Rd2 Na1 38. Rd6 Rc8 39. Bxa5 Kg7 40. Bb6 Bb7 41. Rd8 Rxd8 42. Bxd8 Nb3 43. Ke3 f5 44. Nb5 Bc6 45. Bb6 Kf7 46. Kd3 Ke8 47. Kc2 Na1+ 48. Kc3 1-0

[Event "Bundesliga 1516"]
[Site "Germany"]
[Date "2016.02.21"]
[Round "9.7"]
[White "Michna, Christian"]
[Black "Meins, Gerlef"]
[Result "1/2-1/2"]
[WhiteElo "2272"]
[BlackElo "2430"]
[PlyCount "43"]
[EventDate "2015.09.18"]
[EventType "team-tourn"]
[EventRounds "15"]
[EventCountry "GER"]
[SourceTitle "CBM 171"]
[Source "ChessBase"]
[SourceDate "2016.03.14"]
[SourceVersion "2"]
[SourceVersionDate "2016.03.14"]
[SourceQuality "1"]
[WhiteTeam "Norderstedt"]
[BlackTeam "Werder Bremen"]
[WhiteTeamCountry "GER"]
[BlackTeamCountry "GER"]

1. d4 Nf6 2. Nc3 d5 3. Bg5 Nbd7 4. Qd3 c6 5. Nf3 h6 6. Bh4 g6 7. 0-0-0 Bg7 8. e4 dxe4 9. Nxe4 0-0 10. Kb1 Qa5 11. h3 Nxe4 12. Qxe4 e5 13. Bc4 exd4 14. Qxg6 Ne5 15. Nxe5 Qxe5 16. Rhe1 Bf5 17. Rxe5 Bxg6 18. Re7 b5 19. Bd3 Rfe8 20. Rde1 Rxe7 21. Rxe7 Bf8 22. Re2 1/2-1/2

[Event "Bundesliga 1516"]
[Site "Germany"]
[Date "2016.02.07"]
[Round "6.6"]
[White "Michna, Christian"]
[Black "Bobras, Piotr"]
[Result "0-1"]
[WhiteElo "2272"]
[BlackElo "2531"]
[PlyCount "60"]
[EventDate "2015.09.18"]
[EventType "team-tourn"]
[EventRounds "15"]
[EventCountry "GER"]
[SourceTitle "CBM 171"]
[Source "ChessBase"]
[SourceDate "2016.03.14"]
[SourceVersion "2"]
[SourceVersionDate "2016.03.14"]
[SourceQuality "1"]
[WhiteTeam "Norderstedt"]
[BlackTeam "Trier"]
[WhiteTeamCountry "GER"]
[BlackTeamCountry "GER"]

1. d4 Nf6 2. Nc3 d5 3. Bg5 Nbd7 4. Qd3 c5 5. 0-0-0 e6 6. e4 cxd4 7. Qxd4 Bc5 8. Qd3 d4 9. Na4 b6 10. Nf3 e5 11. c3 Qc7 12. cxd4 Bxd4+ 13. Kb1 Bxf2 14. Bxf6 Nxf6 15. Qa3 a6 16. Nc3 Bc5 17. Bb5+ Ke7 18. b4 Bb7 19. Ba4 Bd6 20. Rxd6 Qxd6 21. Rd1 Qc7 22. b5+ Qc5 23. Qb2 Rhd8 24. bxa6 Rxd1+ 25. Bxd1 Bxa6 26. Nxe5 Rd8 27. Nf3 Bd3+ 28. Ka1 Rc8 29. e5 Qxc3 30. exf6+ Kxf6 0-1

[Event "Bundesliga 1516"]
[Site "Germany"]
[Date "2016.02.06"]
[Round "5.6"]
[White "Sandipan, Chanda"]
[Black "Michna, Christian"]
[Result "1-0"]
[WhiteElo "2574"]
[BlackElo "2272"]
[PlyCount "63"]
[EventDate "2015.09.18"]
[EventType "team-tourn"]
[EventRounds "15"]
[EventCountry "GER"]
[SourceTitle "CBM 171"]
[Source "ChessBase"]
[SourceDate "2016.03.14"]
[SourceVersion "2"]
[SourceVersionDate "2016.03.14"]
[SourceQuality "1"]
[WhiteTeam "Solingen"]
[BlackTeam "Norderstedt"]
[WhiteTeamCountry "GER"]
[BlackTeamCountry "GER"]

1. Nf3 Nf6 2. g3 g6 3. Bg2 Bg7 4. d4 0-0 5. 0-0 d6 6. Nc3 Nc6 7. d5 Na5 8. Nd4 Bd7 9. h3 Qc8 10. Kh2 c5 11. Nb3 Nc4 12. a4 b6 13. e4 a6 14. f4 Ne8 15. Qe2 b5 16. axb5 Bxb5 17. Nxb5 axb5 18. Rxa8 Qxa8 19. e5 Qa7 20. Nd2 Nxd2 21. Bxd2 Nc7 22. exd6 exd6 23. Qe7 Qb6 24. f5 Re8 25. Qd7 f6 26. fxg6 hxg6 27. Bh6 Bh8 28. Bf4 Re2 29. Qg4 Rxg2+ 30. Kxg2 g5 31. Bxg5 fxg5 32. Qc8+ 1-0

[Event "Bundesliga 1516"]
[Site "Germany"]
[Date "2015.09.19"]
[Round "1.6"]
[White "Hausrath, Daniel"]
[Black "Michna, Christian"]
[Result "1-0"]
[WhiteElo "2499"]
[BlackElo "2272"]
[PlyCount "71"]
[EventDate "2015.09.18"]
[EventType "team-tourn"]
[EventRounds "15"]
[EventCountry "GER"]
[SourceTitle "EXT 2016"]
[Source "ChessBase"]
[SourceDate "2015.10.08"]
[SourceVersion "1"]
[SourceVersionDate "2015.10.08"]
[SourceQuality "1"]
[WhiteTeam "Muelheim Nord"]
[BlackTeam "Norderstedt"]
[WhiteTeamCountry "GER"]
[BlackTeamCountry "GER"]

1. Nf3 Nf6 2. g3 g6 3. Bg2 Bg7 4. 0-0 0-0 5. d4 d6 6. Re1 Nc6 7. d5 Na5 8. Nc3 c6 9. e4 Bd7 10. Qe2 Rc8 11. Bg5 cxd5 12. Nxd5 Nxd5 13. exd5 Qb6 14. c3 Bb5 15. Qc2 Rfe8 16. Bxe7 Bd7 17. Bg5 Nc4 18. Rxe8+ Bxe8 19. Bh3 f5 20. b3 Na3 21. Qe2 Bf7 22. Be3 Qa5 23. Ng5 Qxc3 24. Rc1 Nc2 25. Nxf7 Nd4 26. Qd1 Qxc1 27. Bxc1 Rxc1 28. Qxc1 Ne2+ 29. Kf1 Nxc1 30. Nxd6 Nxa2 31. Nxb7 Bf6 32. d6 Nc1 33. Bg2 Kf8 34. Bd5 Nd3 35. d7 Nb4 36. Bf3 1-0

[Event "Kesarovski Georgiev Memorial 14th"]
[Site "Sunny Beach"]
[Date "2015.09.09"]
[Round "5"]
[White "Merry, Alan B"]
[Black "Michna, Christian"]
[Result "1-0"]
[WhiteElo "2369"]
[BlackElo "2272"]
[PlyCount "45"]
[EventDate "2015.09.05"]
[EventType "swiss"]
[EventRounds "9"]
[EventCountry "BUL"]
[SourceTitle "EXT 2016"]
[Source "ChessBase"]
[SourceDate "2015.10.08"]
[SourceVersion "1"]
[SourceVersionDate "2015.10.08"]
[SourceQuality "1"]

1. e4 c5 2. Nf3 d6 3. Bb5+ Bd7 4. Bxd7+ Nxd7 5. c4 Ngf6 6. Nc3 g6 7. d4 cxd4 8. Nxd4 Bg7 9. 0-0 0-0 10. Be3 a6 11. b3 e6 12. Nde2 Qc7 13. Rc1 Rfd8 14. Qd2 Rac8 15. Rfd1 Ng4 16. Bg5 d5 17. Ng3 f6 18. Bf4 e5 19. Nxd5 exf4 20. Nxc7 fxg3 21. hxg3 Rxc7 22. Qd6 Rc6 23. Qe7 1-0

[Event "Kesarovski Georgiev Memorial 14th"]
[Site "Sunny Beach"]
[Date "2015.09.07"]
[Round "3"]
[White "Jasny, Stanislav"]
[Black "Michna, Christian"]
[Result "1/2-1/2"]
[WhiteElo "2384"]
[BlackElo "2272"]
[PlyCount "76"]
[EventDate "2015.09.05"]
[EventType "swiss"]
[EventRounds "9"]
[EventCountry "BUL"]
[SourceTitle "EXT 2016"]
[Source "ChessBase"]
[SourceDate "2015.10.08"]
[SourceVersion "1"]
[SourceVersionDate "2015.10.08"]
[SourceQuality "1"]

1. e4 c5 2. Nf3 d6 3. d4 cxd4 4. Nxd4 Nf6 5. Nc3 g6 6. Be3 Bg7 7. f3 0-0 8. Qd2 Nc6 9. 0-0-0 d5 10. exd5 Nxd5 11. Nxc6 bxc6 12. Bd4 Bxd4 13. Qxd4 Qb6 14. Na4 Qc7 15. Bc4 Rd8 16. Bxd5 Rxd5 17. Qe3 Be6 18. h4 h5 19. Nc3 Ra5 20. a3 Rb8 21. Rd4 Qb6 22. Nd1 Rb5 23. Qc3 Bf5 24. Rc4 c5 25. g4 Be6 26. Re4 c4 27. Rhe1 Rc8 28. Re5 Rxe5 29. Rxe5 hxg4 30. fxg4 Bxg4 31. Ne3 Rd8 32. Nxg4 Qg1+ 33. Qe1 Qxg4 34. Rxe7 c3 35. Re8+ Rxe8 36. Qxe8+ Kg7 37. Qe5+ Kg8 38. Qe8+ Kg7 1/2-1/2

[Event "BL2-Nord 1415"]
[Site "Germany"]
[Date "2015.02.01"]
[Round "6.7"]
[White "Von Herman, Ulf"]
[Black "Michna, Christian"]
[Result "1-0"]
[WhiteElo "2382"]
[BlackElo "2278"]
[PlyCount "53"]
[EventDate "2014.09.21"]
[EventType "team-tourn"]
[EventRounds "9"]
[EventCountry "GER"]
[SourceTitle "CBM 166 Extra"]
[Source "ChessBase"]
[SourceDate "2015.06.18"]
[SourceVersion "1"]
[SourceVersionDate "2015.06.18"]
[SourceQuality "1"]
[WhiteTeam "Berlin Tegel"]
[BlackTeam "Norderstedt"]
[WhiteTeamCountry "GER"]
[BlackTeamCountry "GER"]

1. d4 e6 2. c4 b6 3. Nc3 Bb7 4. Nh3 Bb4 5. Bd2 f5 6. a3 Bxc3 7. Bxc3 Nf6 8. f3 0-0 9. e3 d6 10. Bd3 Nbd7 11. Qc2 Qe7 12. 0-0 Nh5 13. Rae1 Kh8 14. b4 Rf7 15. Nf4 Ndf6 16. Rf2 Rg8 17. d5 exd5 18. Bxf5 Re8 19. Nxh5 Nxh5 20. Bxh7 dxc4 21. Bg6 Nf6 22. e4 b5 23. Qd2 Kg8 24. Qg5 c5 25. e5 Nd5 26. Qh5 Nxc3 27. Qh7+ 1-0

[Event "BL2-Nord 1415"]
[Site "Germany"]
[Date "2014.12.07"]
[Round "4.6"]
[White "Michna, Christian"]
[Black "Sroczynski, Maciej"]
[Result "1/2-1/2"]
[WhiteElo "2278"]
[BlackElo "2277"]
[PlyCount "144"]
[EventDate "2014.09.21"]
[EventType "team-tourn"]
[EventRounds "9"]
[EventCountry "GER"]
[SourceTitle "CBM 166 Extra"]
[Source "ChessBase"]
[SourceDate "2015.06.18"]
[SourceVersion "1"]
[SourceVersionDate "2015.06.18"]
[SourceQuality "1"]
[WhiteTeam "Norderstedt"]
[BlackTeam "Ruedersdorf"]
[WhiteTeamCountry "GER"]
[BlackTeamCountry "GER"]

1. d4 Nf6 2. Nc3 d5 3. Bf4 Bf5 4. f3 h5 5. e3 e6 6. Bd3 Bb4 7. Bxf5 exf5 8. Qd3 Qd7 9. Be5 Nc6 10. Bxf6 gxf6 11. Nge2 0-0-0 12. 0-0-0 Ne7 13. a3 Ba5 14. Nf4 h4 15. Rhe1 c6 16. e4 fxe4 17. fxe4 Qg4 18. Qh3 Qxh3 19. Nxh3 Rhg8 20. Nf4 Bc7 21. Rf1 dxe4 22. Nxe4 Rg4 23. g3 hxg3 24. hxg3 f5 25. Nc5 Rxg3 26. c3 Rh8 27. Ncd3 Ng6 28. Rd2 Rg4 29. Rdf2 Rhh4 30. Ng2 Rh8 31. Kd2 Rg3 32. Nge1 Ne7 33. Re2 Bd6 34. Nf3 Rhh3 35. Nfe1 Kd7 36. Nf4 Rh4 37. Ref2 a5 38. Neg2 Rh2 39. Re2 Ng6 40. Rff2 a4 41. Nd3 Be7 42. Kc2 Bd6 43. Kd2 Rhh3 44. Ngf4 Rh1 45. Ng2 Rg1 46. Ngf4 Rh1 47. Ng2 Rh2 48. Nge1 Rxf2 49. Rxf2 Ke6 50. Nf3 f4 51. Nde1 Kf5 52. Ke2 Rh3 53. Rg2 f6 54. Rf2 b5 55. Ng2 Ke4 56. Nge1 Nh4 57. Nd2+ Kd5 58. Nef3 Nf5 59. Kd3 c5 60. dxc5 Bxc5 61. Rh2 Rxh2 62. Nxh2 Ne3 63. Ne4 Be7 64. Nd2 f5 65. Nhf3 Bf6 66. Ne1 Nd1 67. Kc2 Nf2 68. Nd3 Bh4 69. Nxf4+ Kc5 70. Nf3 Bf6 71. Nh5 Bh8 72. Nh4 Be5 1/2-1/2

[Event "Kesarovski Georgiev Memorial 13th"]
[Site "Sunny Beach"]
[Date "2014.09.13"]
[Round "8"]
[White "Kastner, Oldrich"]
[Black "Michna, Christian"]
[Result "1-0"]
[WhiteElo "2043"]
[BlackElo "2278"]
[PlyCount "67"]
[EventDate "2014.09.06"]
[EventType "swiss"]
[EventRounds "9"]
[EventCountry "BUL"]
[SourceTitle "CBM 162 Extra"]
[Source "ChessBase"]
[SourceDate "2014.10.17"]
[SourceVersion "1"]
[SourceVersionDate "2014.10.17"]
[SourceQuality "1"]

1. d4 c5 2. dxc5 e6 3. Be3 Na6 4. g3 Nf6 5. Bg2 Ng4 6. Bd4 e5 7. Bc3 Bxc5 8. e3 d6 9. Nd2 Bxe3 10. fxe3 Nxe3 11. Qc1 Nxg2+ 12. Kf2 Nh4 13. gxh4 Qxh4+ 14. Kg2 Qg4+ 15. Kf2 e4 16. Qe1 Bf5 17. Qe3 0-0-0 18. Ne2 Rhe8 19. h4 Bg6 20. Rag1 Qf5+ 21. Ke1 Qd5 22. Nb3 Kb8 23. Rg5 Qe6 24. h5 f6 25. Rgg1 Bf5 26. Rxg7 Bg4 27. Nf4 Qc8 28. a3 Bf3 29. Rhg1 Re5 30. Rxh7 Rg5 31. Rg7 Qf5 32. Nd4 Qc5 33. R7xg5 fxg5 34. Nfe6 1-0

[Event "Kesarovski Georgiev Memorial 13th"]
[Site "Sunny Beach"]
[Date "2014.09.11"]
[Round "6"]
[White "Dimitrov, Pavel"]
[Black "Michna, Christian"]
[Result "1-0"]
[WhiteElo "2331"]
[BlackElo "2278"]
[PlyCount "93"]
[EventDate "2014.09.06"]
[EventType "swiss"]
[EventRounds "9"]
[EventCountry "BUL"]
[SourceTitle "CBM 162 Extra"]
[Source "ChessBase"]
[SourceDate "2014.10.17"]
[SourceVersion "1"]
[SourceVersionDate "2014.10.17"]
[SourceQuality "1"]

1. e4 e6 2. d4 d5 3. Nd2 Be7 4. e5 b6 5. Ngf3 Nh6 6. c3 Qd7 7. Bd3 Ba6 8. Bxa6 Nxa6 9. Qe2 Nb8 10. Nf1 c5 11. a3 Qa4 12. Ng3 Qa6 13. Qxa6 Nxa6 14. 0-0 0-0 15. h3 Kh8 16. Ne2 Ng8 17. Be3 c4 18. Nd2 Nb8 19. f4 f5 20. exf6 gxf6 21. f5 e5 22. Nf3 Nc6 23. Rad1 Rad8 24. g4 Rf7 25. Rd2 Bf8 26. dxe5 Nxe5 27. Nf4 Bh6 28. Kg2 Nd3 29. Nd4 Rd6 30. Nde6 Re7 31. Kf3 Ne5+ 32. Ke2 Red7 33. Rfd1 Ne7 34. Bd4 Kg8 35. g5 fxg5 36. Bxe5 gxf4 37. Rg1+ Kf7 38. Bxd6 f3+ 39. Kxf3 Bxd2 40. Rg7+ Kf6 41. Bg3 Kxf5 42. Nf8 Kf6 43. Rxh7 Rd8 44. Bh4+ Bg5 45. Bxg5+ Kxg5 46. Ne6+ Kg6 47. Rxe7 1-0

[Event "Bargteheide op"]
[Site "Bargteheide"]
[Date "2014.05.29"]
[Round "2"]
[White "Michna, Christian"]
[Black "Bjerre, Tavs"]
[Result "0-1"]
[WhiteElo "2285"]
[BlackElo "2067"]
[PlyCount "68"]
[EventDate "2014.05.29"]
[EventType "swiss"]
[EventRounds "7"]
[EventCountry "GER"]
[SourceTitle "CBM 160 Extra"]
[Source "ChessBase"]
[SourceDate "2014.07.01"]
[SourceVersion "1"]
[SourceVersionDate "2014.07.01"]
[SourceQuality "1"]

1. e4 c5 2. c3 d5 3. exd5 Qxd5 4. d4 cxd4 5. cxd4 Nc6 6. Nf3 e5 7. Nc3 Bb4 8. Bd2 Bxc3 9. Bxc3 e4 10. Nd2 Nf6 11. Bc4 Qg5 12. Qb3 0-0 13. 0-0-0 a6 14. d5 Ne5 15. Be2 Nd3+ 16. Bxd3 exd3 17. h4 Qf5 18. Rhe1 Nxd5 19. Re5 Nxc3 20. Rxf5 Ne2+ 21. Kb1 Bxf5 22. Qd5 Bg6 23. g4 h6 24. h5 Bh7 25. Ka1 b5 26. a3 Rac8 27. Ne4 Rfd8 28. Qb7 Rb8 29. Rxd3 Re8 30. Qa7 Bxe4 31. Re3 Rbd8 32. b3 Rd1+ 33. Kb2 Rd2+ 34. Ka1 Rc8 0-1

[Event "BL2-Nord 1314"]
[Site "Germany"]
[Date "2014.03.16"]
[Round "8.6"]
[White "Michna, Christian"]
[Black "Buchal, Stephan"]
[Result "1/2-1/2"]
[WhiteElo "2290"]
[BlackElo "2312"]
[PlyCount "43"]
[EventDate "2013.10.13"]
[EventType "team-tourn"]
[EventRounds "9"]
[EventCountry "GER"]
[SourceTitle "EXT 2015"]
[Source "ChessBase"]
[SourceDate "2014.11.20"]
[SourceVersion "1"]
[SourceVersionDate "2014.11.20"]
[SourceQuality "1"]
[WhiteTeam "Norderstedt"]
[BlackTeam "Werder Bremen II"]
[WhiteTeamCountry "GER"]
[BlackTeamCountry "GER"]

1. e4 Nf6 2. e5 Nd5 3. c4 Nb6 4. d4 d6 5. exd6 exd6 6. Nc3 Nc6 7. d5 Ne5 8. Be2 Be7 9. f4 Ned7 10. Nf3 0-0 11. 0-0 Bf6 12. Ne4 Nc5 13. Nxc5 dxc5 14. Qc2 Re8 15. Bd3 h6 16. Bd2 Bd7 17. Rad1 Bg4 18. Bc1 Qd6 19. Be4 Re7 20. h3 Bxf3 21. Bxf3 Rae8 22. Kh1 1/2-1/2

[Event "BL2-Nord 1314"]
[Site "Germany"]
[Date "2013.11.24"]
[Round "3.5"]
[White "Wenzel, Birger"]
[Black "Michna, Christian"]
[Result "0-1"]
[WhiteElo "2041"]
[BlackElo "2290"]
[PlyCount "88"]
[EventDate "2013.10.13"]
[EventType "team-tourn"]
[EventRounds "9"]
[EventCountry "GER"]
[SourceTitle "EXT 2015"]
[Source "ChessBase"]
[SourceDate "2014.11.20"]
[SourceVersion "1"]
[SourceVersionDate "2014.11.20"]
[SourceQuality "1"]
[WhiteTeam "Eppendorf"]
[BlackTeam "Norderstedt"]
[WhiteTeamCountry "GER"]
[BlackTeamCountry "GER"]

1. d4 Nf6 2. c4 g6 3. g3 Bg7 4. Bg2 0-0 5. Nc3 d6 6. Nf3 c6 7. 0-0 Qb6 8. e4 Bg4 9. Rb1 Nbd7 10. h3 Bxf3 11. Bxf3 c5 12. Be3 Qb4 13. Be2 cxd4 14. a3 Qa5 15. Bxd4 a6 16. f4 Qc7 17. b4 Rfe8 18. Qd3 Rac8 19. Rbc1 e5 20. Be3 exf4 21. gxf4 Nb6 22. Nd5 Nbxd5 23. cxd5 Qd7 24. f5 Nxe4 25. Bg4 Rxc1 26. Bxc1 Qd8 27. fxg6 hxg6 28. Rxf7 Kxf7 29. Be6+ Kf8 30. Qxe4 Qf6 31. Qc2 Qc3 32. Qf2+ Bf6 33. Bh6+ Ke7 34. Qe2 Qe5 35. Qg4 Qd4+ 36. Qxd4 Bxd4+ 37. Kg2 Kf6 38. Bf4 Be5 39. Be3 b5 40. Bc1 Re7 41. h4 Rc7 42. Bg5+ Kg7 43. Bd8 Rc3 44. Ba5 Bf6 0-1